CROP IMPROVEMENT- II ( RABI CROPS): According to the latest icar 5th dean Committee syllabus (Record no. 9062)

MARC details
000 -LEADER
fixed length control field 00481nam a22001697a 4500
005 - DATE AND TIME OF LATEST TRANSACTION
control field 20260310154628.0
008 - FIXED-LENGTH DATA ELEMENTS--GENERAL INFORMATION
fixed length control field 260309b |||||||| |||| 00| 0 eng d
020 ## - INTERNATIONAL STANDARD BOOK NUMBER
ISBN 978-93-88821-41-6
041 ## - LANGUAGE CODE
Language code of text/sound track or separate title eng
082 ## - DEWEY DECIMAL CLASSIFICATION NUMBER
Classification number 631.52 SIN-C
100 ## - MAIN ENTRY--AUTHOR NAME
Personal name SINGH,DR. OMKAR
245 ## - TITLE STATEMENT
Title CROP IMPROVEMENT- II ( RABI CROPS): According to the latest icar 5th dean Committee syllabus
260 ## - PUBLICATION, DISTRIBUTION, ETC. (IMPRINT)
Place of publication DELHI
Name of publisher RAMA PUBLISHING HOUSE
300 ## - PHYSICAL DESCRIPTION
Number of Pages 320;P
650 ## - SUBJECT ADDED ENTRY--TOPICAL TERM
Topical Term AGRICULTURE
942 ## - ADDED ENTRY ELEMENTS (KOHA)
Koha item type Books
Holdings
Lost status Damaged status Collection code Home library Current library Shelving location Date acquired Source of acquisition Cost, normal purchase price Serial Enumeration / chronology Full call number Accession Number Koha item type
    AGRICULTURE JRU Library JRU Library NEW ARRIVAL SHELF 09/03/2026 PURCHASE 1200.00 LBI/000880 , DATE-6/03/2026 631 29308 Books